| 000 | 00591nam a2200181 i 4500 | ||
|---|---|---|---|
| 001 | 87557 | ||
| 003 | ES-MaACL | ||
| 005 | 20251005063057.0 | ||
| 007 | t| | ||
| 008 | 041222s1960 sp ||||1| spa d | ||
| 100 | 1 |
_aLabarta Pose, Enrique, _d1863-1925 _969218 |
|
| 245 | 1 | 0 |
_aPoesías en gallego y castellano / _cEnrique Labarta Pose ; prólogo de Benito Varela Jacome. |
| 260 |
_aSantiago de Compostela : _b[Porto y Cía., _c1960] |
||
| 300 |
_a127 p. ; _c17 cm. |
||
| 700 | 1 |
_aVarela Jácome, Benito. _9113161 |
|
| 852 |
_aES-MaACL _jC-19556 _bR.45493 |
||
| 999 |
_c87557 _d87557 |
||